000 00453nab a2200145Ia 4500
003 ES-SlBCS
005 20210601124004.0
008 140529s1996 xxu||||| |||| 00| 0 eng d
041 _aeng
100 1 _aShalkowski, Scott A.
_9132847
245 0 0 _aConventions, Cognitivism, and Necessity
_c Scott A. Shalkowski
650 0 4 _aNecesidad
_9132477
773 0 _tAmerican Philosophical Quarterly
_gvol. 33, nº. 4, 1996, págs. 375-392
_wRev1386
942 _cAR
999 _c507387
_d507387